Statistics for Countries with the Oldest Median Age

Click here to take the quiz!

General Stats

  • This quiz has been taken 18,638 times
    (6,933 since last reset)
  • The average score is 15 of 20

Answer Stats

Median Age Country % Correct
48.6Japan
97%
46.5Italy
90%
43.9Spain
86%
47.8Germany
84%
55.4Monaco
80%
45.3Greece
80%
44.6Portugal
79%
44.5Austria
76%
45.2San Marino
75%
43.7Liechtenstein
74%
46.2Andorra
73%
44.9Slovenia
69%
43.9Croatia
68%
43.6Serbia
67%
43.3Czech Republic
67%
43.6Hungary
65%
43.7Estonia
64%
44.4Latvia
64%
44.5Lithuania
64%
43.7Bulgaria
63%

Score Distribution

Percentile by Number Answered

Percent of People with Each Score

Your Score History

You have not taken this quiz since the last reset